000 00694nam a2200253Ia 4500
005 20260429111923.0
008 260429s9999||||xx |||||||||||||| ||und||
020 _a9783031429989
041 _aEnglish
082 _a660.63
_bJAE
100 _aJaeger, Karl-Erich
245 0 _aIntroduction to enzyme technology /
_cKarl-Erich Jaeger
250 _a1st ed.
260 _aSwitzerland :
_bSpringer,
_c2024.
300 _avi, 472 p.; pbk
440 _aLearning Materials in Biosciences
650 _a Biochemistry
650 _a Biotechnology
650 _a Industrial biotechnology
650 _aEnzymes
700 _a Liese, Andreas
700 _a Syldatk, Christop
942 _cTB
999 _c51432
_d51432